<?xml version="1.0" encoding="UTF-8"?><marc:collection xmlns:marc="http://www.loc.gov/MARC21/slim">
  <marc:record>
    <marc:leader>04171nas a2200469 c 4500</marc:leader>
    <marc:controlfield tag="001">010055266</marc:controlfield>
    <marc:controlfield tag="003">DE-101</marc:controlfield>
    <marc:controlfield tag="005">20221206095250.0</marc:controlfield>
    <marc:controlfield tag="007">tu</marc:controlfield>
    <marc:controlfield tag="008">991118d19551956gw u||p|  s|| 0||||1ger c</marc:controlfield>
    <marc:datafield tag="016" ind1="7" ind2=" ">
      <marc:subfield code="2">DE-600</marc:subfield>
      <marc:subfield code="a">3690-0</marc:subfield>
    </marc:datafield>
    <marc:datafield tag="016" ind1="7" ind2=" ">
      <marc:subfield code="2">DE-101</marc:subfield>
      <marc:subfield code="a">010055266</marc:subfield>
    </marc:datafield>
    <marc:datafield tag="035" ind1=" " ind2=" ">
      <marc:subfield code="a">(DE-599)ZDB3690-0</marc:subfield>
    </marc:datafield>
    <marc:datafield tag="035" ind1=" " ind2=" ">
      <marc:subfield code="a">(OCoLC)183192954</marc:subfield>
    </marc:datafield>
    <marc:datafield tag="040" ind1=" " ind2=" ">
      <marc:subfield code="a">9001</marc:subfield>
      <marc:subfield code="b">ger</marc:subfield>
      <marc:subfield code="c">DE-101</marc:subfield>
      <marc:subfield code="d">9001</marc:subfield>
    </marc:datafield>
    <marc:datafield tag="041" ind1=" " ind2=" ">
      <marc:subfield code="a">ger</marc:subfield>
    </marc:datafield>
    <marc:datafield tag="042" ind1=" " ind2=" ">
      <marc:subfield code="a">zdb</marc:subfield>
    </marc:datafield>
    <marc:datafield tag="044" ind1=" " ind2=" ">
      <marc:subfield code="c">XA-DE</marc:subfield>
    </marc:datafield>
    <marc:datafield tag="082" ind1="7" ind2="4">
      <marc:subfield code="a">310</marc:subfield>
      <marc:subfield code="a">650</marc:subfield>
      <marc:subfield code="q">DE-600</marc:subfield>
      <marc:subfield code="2">22sdnb</marc:subfield>
    </marc:datafield>
    <marc:datafield tag="245" ind1="0" ind2="0">
      <marc:subfield code="a">&#152;Die&#156; Kostenstruktur in der gewerblichen Wirtschaft und in ausgewählten freien Berufen</marc:subfield>
      <marc:subfield code="b">Ergebnisse d. Kostenstrukturerhebung ...</marc:subfield>
      <marc:subfield code="c">Statistisches Bundesamt, Wiesbaden</marc:subfield>
    </marc:datafield>
    <marc:datafield tag="246" ind1="3" ind2=" ">
      <marc:subfield code="a">Statistik der Bundesrepublik Deutschland / Die Kostenstruktur in der gewerblichen Wirtschaft und in ausgewählten freien Berufen</marc:subfield>
    </marc:datafield>
    <marc:datafield tag="264" ind1="3" ind2="1">
      <marc:subfield code="a">Stuttgart</marc:subfield>
      <marc:subfield code="a">Köln</marc:subfield>
      <marc:subfield code="b">Kohlhammer</marc:subfield>
      <marc:subfield code="c">1955-1956</marc:subfield>
    </marc:datafield>
    <marc:datafield tag="336" ind1=" " ind2=" ">
      <marc:subfield code="a">Text</marc:subfield>
      <marc:subfield code="b">txt</marc:subfield>
      <marc:subfield code="2">rdacontent</marc:subfield>
    </marc:datafield>
    <marc:datafield tag="337" ind1=" " ind2=" ">
      <marc:subfield code="a">ohne Hilfsmittel zu benutzen</marc:subfield>
      <marc:subfield code="b">n</marc:subfield>
      <marc:subfield code="2">rdamedia</marc:subfield>
    </marc:datafield>
    <marc:datafield tag="338" ind1=" " ind2=" ">
      <marc:subfield code="a">Band</marc:subfield>
      <marc:subfield code="b">nc</marc:subfield>
      <marc:subfield code="2">rdacarrier</marc:subfield>
    </marc:datafield>
    <marc:datafield tag="362" ind1="0" ind2=" ">
      <marc:subfield code="a">Nachgewiesen 1950(1955/56),1-7</marc:subfield>
    </marc:datafield>
    <marc:datafield tag="363" ind1="0" ind2="0">
      <marc:subfield code="8">1.1\x</marc:subfield>
      <marc:subfield code="i">1950</marc:subfield>
    </marc:datafield>
    <marc:datafield tag="583" ind1="1" ind2=" ">
      <marc:subfield code="a">Archivierung/Langzeitarchivierung gewährleistet</marc:subfield>
      <marc:subfield code="c">2020</marc:subfield>
      <marc:subfield code="f">PENW</marc:subfield>
      <marc:subfield code="5">DE-5</marc:subfield>
      <marc:subfield code="2">pdager</marc:subfield>
    </marc:datafield>
    <marc:datafield tag="591" ind1=" " ind2=" ">
      <marc:subfield code="a">301086</marc:subfield>
    </marc:datafield>
    <marc:datafield tag="655" ind1=" " ind2="7">
      <marc:subfield code="0">(DE-588)4067488-5</marc:subfield>
      <marc:subfield code="0">https://d-nb.info/gnd/4067488-5</marc:subfield>
      <marc:subfield code="0">(DE-101)040674886</marc:subfield>
      <marc:subfield code="a">Zeitschrift</marc:subfield>
      <marc:subfield code="2">gnd-content</marc:subfield>
    </marc:datafield>
    <marc:datafield tag="655" ind1=" " ind2="7">
      <marc:subfield code="0">(DE-588)4056995-0</marc:subfield>
      <marc:subfield code="0">https://d-nb.info/gnd/4056995-0</marc:subfield>
      <marc:subfield code="0">(DE-101)040569950</marc:subfield>
      <marc:subfield code="a">Statistik</marc:subfield>
      <marc:subfield code="2">gnd-content</marc:subfield>
    </marc:datafield>
    <marc:datafield tag="710" ind1="1" ind2=" ">
      <marc:subfield code="0">(DE-588)1002826-2</marc:subfield>
      <marc:subfield code="0">https://d-nb.info/gnd/1002826-2</marc:subfield>
      <marc:subfield code="0">(DE-101)004017331</marc:subfield>
      <marc:subfield code="a">Deutschland</marc:subfield>
      <marc:subfield code="g">Bundesrepublik</marc:subfield>
      <marc:subfield code="b">Statistisches Bundesamt</marc:subfield>
      <marc:subfield code="e">Herausgebendes Organ</marc:subfield>
      <marc:subfield code="4">isb</marc:subfield>
      <marc:subfield code="2">gnd</marc:subfield>
    </marc:datafield>
    <marc:datafield tag="710" ind1="1" ind2=" ">
      <marc:subfield code="0">(DE-588)4011889-7</marc:subfield>
      <marc:subfield code="0">https://d-nb.info/gnd/4011889-7</marc:subfield>
      <marc:subfield code="0">(DE-101)040118894</marc:subfield>
      <marc:subfield code="a">Deutschland</marc:subfield>
      <marc:subfield code="g">Bundesrepublik</marc:subfield>
      <marc:subfield code="e">Herausgebendes Organ</marc:subfield>
      <marc:subfield code="4">isb</marc:subfield>
      <marc:subfield code="2">gnd</marc:subfield>
    </marc:datafield>
    <marc:datafield tag="776" ind1="0" ind2="8">
      <marc:subfield code="i">Elektronische Reproduktion</marc:subfield>
      <marc:subfield code="t">&#152;Die&#156; Kostenstruktur in der gewerblichen Wirtschaft und in ausgewählten freien Berufen</marc:subfield>
      <marc:subfield code="d">Stuttgart ; Köln : Kohlhammer, 1955-1956</marc:subfield>
      <marc:subfield code="w">(DE-600)3110431-9</marc:subfield>
      <marc:subfield code="w">(DE-101)1252095864</marc:subfield>
    </marc:datafield>
    <marc:datafield tag="785" ind1="0" ind2="0">
      <marc:subfield code="i">Forts.:</marc:subfield>
      <marc:subfield code="a">Deutschland &lt;Bundesrepublik&gt; / Statistisches Bundesamt</marc:subfield>
      <marc:subfield code="t">Fachserie / C / 1 / 3. C, Unternehmen und Arbeitsstätten. Reihe 1, Die @Kostenstruktur in der Wirtschaft. 3, Verkehrsgewerbe / Statistisches Bundesamt, Wiesbaden</marc:subfield>
      <marc:subfield code="d">Stuttgart ; Mainz : Kohlhammer, 1963-1973</marc:subfield>
      <marc:subfield code="x">0341-4671</marc:subfield>
      <marc:subfield code="w">(DE-600)221004-6</marc:subfield>
      <marc:subfield code="w">(DE-101)011303395</marc:subfield>
    </marc:datafield>
    <marc:datafield tag="785" ind1="0" ind2="0">
      <marc:subfield code="i">Forts.:</marc:subfield>
      <marc:subfield code="a">Deutschland &lt;Bundesrepublik&gt; / Statistisches Bundesamt</marc:subfield>
      <marc:subfield code="t">Fachserie / C / 1 / 2. C, Unternehmen und Arbeitsstätten. Reihe 1, Die @Kostenstruktur in der Wirtschaft. 2, Handwerk / Statistisches Bundesamt, Wiesbaden</marc:subfield>
      <marc:subfield code="d">Stuttgart ; Mainz : Kohlhammer, 1963-1973</marc:subfield>
      <marc:subfield code="x">0722-5911</marc:subfield>
      <marc:subfield code="w">(DE-600)221003-4</marc:subfield>
      <marc:subfield code="w">(DE-101)011303387</marc:subfield>
    </marc:datafield>
    <marc:datafield tag="785" ind1="0" ind2="0">
      <marc:subfield code="i">Forts.:</marc:subfield>
      <marc:subfield code="a">Deutschland &lt;Bundesrepublik&gt; / Statistisches Bundesamt</marc:subfield>
      <marc:subfield code="t">Fachserie / C / 1 / 5. C, Unternehmen und Arbeitsstätten. Reihe 1, Die @Kostenstruktur in der Wirtschaft. 5, Großhandel, Handelsvertreter und -makler, Verlagswesen / Statistisches Bundesamt, Wiesbaden</marc:subfield>
      <marc:subfield code="d">Stuttgart ; Mainz : Kohlhammer, 1964-1974</marc:subfield>
      <marc:subfield code="x">0722-6624</marc:subfield>
      <marc:subfield code="w">(DE-600)221005-8</marc:subfield>
      <marc:subfield code="w">(DE-101)011303409</marc:subfield>
    </marc:datafield>
    <marc:datafield tag="785" ind1="0" ind2="0">
      <marc:subfield code="i">Forts.:</marc:subfield>
      <marc:subfield code="a">Deutschland &lt;Bundesrepublik&gt; / Statistisches Bundesamt</marc:subfield>
      <marc:subfield code="t">Fachserie / C / 1 / 4. C, Unternehmen und Arbeitsstätten. Reihe 1, Die @Kostenstruktur in der Wirtschaft. 4, Freie Berufe / Statistisches Bundesamt, Wiesbaden</marc:subfield>
      <marc:subfield code="d">Stuttgart ; Mainz : Kohlhammer, 1962-1973</marc:subfield>
      <marc:subfield code="x">0722-6330</marc:subfield>
      <marc:subfield code="w">(DE-600)201752-0</marc:subfield>
      <marc:subfield code="w">(DE-101)011147911</marc:subfield>
    </marc:datafield>
    <marc:datafield tag="785" ind1="0" ind2="0">
      <marc:subfield code="i">Forts.:</marc:subfield>
      <marc:subfield code="a">Deutschland &lt;Bundesrepublik&gt; / Statistisches Bundesamt</marc:subfield>
      <marc:subfield code="t">Fachserie / C / 1 / 7. C, Unternehmen und Arbeitsstätten. Reihe 1, Die @Kostenstruktur in der Wirtschaft. 7, Einzelhandel / Statistisches Bundesamt, Wiesbaden</marc:subfield>
      <marc:subfield code="d">Stuttgart ; Mainz : Kohlhammer, 1965-1976</marc:subfield>
      <marc:subfield code="x">0722-6802</marc:subfield>
      <marc:subfield code="w">(DE-600)221007-1</marc:subfield>
      <marc:subfield code="w">(DE-101)011303425</marc:subfield>
    </marc:datafield>
    <marc:datafield tag="785" ind1="0" ind2="0">
      <marc:subfield code="i">Forts.:</marc:subfield>
      <marc:subfield code="a">Deutschland &lt;Bundesrepublik&gt; / Statistisches Bundesamt</marc:subfield>
      <marc:subfield code="t">Fachserie / C / 1 / 1. C, Unternehmen und Arbeitsstätten. Reihe 1, Die @Kostenstruktur in der Wirtschaft. 1, Industrie und Energiewirtschaft / Statistisches Bundesamt, Wiesbaden</marc:subfield>
      <marc:subfield code="d">Stuttgart ; Mainz : Kohlhammer, 1962-1977</marc:subfield>
      <marc:subfield code="x">0072-3975</marc:subfield>
      <marc:subfield code="w">(DE-600)201751-9</marc:subfield>
      <marc:subfield code="w">(DE-101)011147903</marc:subfield>
    </marc:datafield>
    <marc:datafield tag="787" ind1="0" ind2="8">
      <marc:subfield code="i">1950=49 von</marc:subfield>
      <marc:subfield code="a">Deutschland &lt;Bundesrepublik&gt;</marc:subfield>
      <marc:subfield code="t">Statistik der Bundesrepublik Deutschland</marc:subfield>
      <marc:subfield code="d">Stuttgart ; Köln : Kohlhammer, 1950-1961</marc:subfield>
      <marc:subfield code="x">0433-8200</marc:subfield>
      <marc:subfield code="w">(DE-600)242436-8</marc:subfield>
      <marc:subfield code="w">(DE-101)011465034</marc:subfield>
    </marc:datafield>
    <marc:datafield tag="850" ind1=" " ind2=" ">
      <marc:subfield code="a">DE-101b</marc:subfield>
    </marc:datafield>
  </marc:record>
</marc:collection>
